000
00310nam a2200133Ia 4500
005
20251222155212.0
008
251222s9999||||xx |||||||||||||| ||spa||
082
_a
ING. 07
100
_a
MELLGREN Lars.
245
0
_a
Young English Series Yes
250
_a
1ra. ed.
264
_b
Addison Wesley
942
_c
LIB
999
_c
40322
_d
40322